| 000 | 00413nam a22001697a 4500 | ||
|---|---|---|---|
| 005 | 20180203104303.0 | ||
| 008 | 160426b xxu||||| |||| 00| 0 eng d | ||
| 020 | _a0-07-460222-5 | ||
| 041 | _aeng | ||
| 082 |
_b00198 _a004.165 |
||
| 100 |
_aMathur, Aditya P _998 |
||
| 245 | _aIntroduction to Microprocessors | ||
| 250 | _a3rd ed. | ||
| 260 |
_aNew Delhi _bTata MC Graw Hill, _c2004 |
||
| 300 | _a612 | ||
| 942 | _cBK | ||
| 999 |
_c73 _d73 |
||